25 American Cities, 25 Famous Landmarks - Statistics

General Stats
  • This quiz has been taken 87 times
  • The average score is 14 of 25
Answer Stats
Picture Hint Answer % Correct
San Francisco, CA Golden Gate Bridge
100%
New York, NY Statue of Liberty
97%
Seattle, WA Space Needle
82%
Los Angeles, CA Hollywood Walk of Fame
81%
Philadelphia, PA The Liberty Bell
78%
San Antonio, TX The Alamo
77%
Washington D.C. The Lincoln Memorial
76%
Anaheim, CA Cinderella Castle
74%
Chicago, IL The Willis Tower
73%
St. Louis, MO The Gateway Arch
68%
Louisville, KY Churchill Downs
64%
Memphis, TN Graceland
58%
Indianapolis, IN Indianapolis Motor Speedway
58%
New Orleans, LA Bourbon Street
57%
Orlando, FL EPCOT Center
55%
Cleveland, OH The Rock & Roll Hall of Fame
50%
Las Vegas, NV The Bellagio
47%
Honolulu, HI Waikiki Beach
47%
Atlantic City, NJ The Boardwalk
39%
San Diego, CA The San Diego Zoo
30%
Nashville, TN The Grand Ole Opry
28%
Boston, MA Boston Common
12%
Houston, TX Space Center
12%
Little Rock, AK The Little Rock Nine Monument
8%
Selma, AL Edmund Pettus Bridge
5%
No matching quizzes found
Score Distribution
Percent of People with Each Score
Percentile by Number Answered
Your Score History
You have not taken this quiz